00532nam a2200205Ia 4500008004100000020001800041041001200059082001000071082001100081100002500092100002100117245005900138250001200197260001400209260001400223260000900237300001500246365002500261650004000286150901s9999 xx 000 0 und d a9780521177450 aEnglish a574.8 bOSB/HO aMcmanus Michael .t  aOsborne Daphne.j aHormones signals and target cells in plant development a1st Ed. aNew delhi bCambridge c2005 a203 Pages aRS.2630/-  aHormones cells in plant development